logo

Bir Sreshtho Munshi Abdur Rouf Library
Jhenaidah Cadet College

Blackadder / (Record no. 8630)

MARC details
000 -LEADER
fixed length control field 00620nam a22002292i 4500
001 - CONTROL NUMBER
JCCL Control Number 8630
003 - CONTROL NUMBER IDENTIFIER
JCCL marc code BD - JhCC
005 - DATE AND TIME OF LATEST TRANSACTION
control field 20180723195452.0
008 - FIXED-LENGTH DATA ELEMENTS--GENERAL INFORMATION
fixed length control field 500101s1950 enka j 000 1 eng d
035 ## - SYSTEM CONTROL NUMBER
system control number (BD - JhCC)8630
040 ## - CATALOGING SOURCE
Original cataloging agency AZU
Transcribing agency AZU
Modifying agency UKM
-- EQO
-- BD - JhCC
041 ## - LANGUAGE CODE
Language code of Book eng
082 ## - DEWEY DECIMAL CLASSIFICATION NUMBER
Classification number 823.91
DDC Edition number 18
Author mark and Year CRO 1950
090 ## - LOCALLY ASSIGNED LC-TYPE CALL NUMBER (OCLC); LOCAL CALL NUMBER (OCLC)
Classification number (OCLC) (R) ; Classification number, CALL (RLIN) (NR) PZ7.C8827
Local cutter number (OCLC) ; Book number/undivided call number, CALL (RLIN) Bl
100 1# - MAIN ENTRY--PERSONAL NAME
Personal name Cross, John Keir,
Dates associated with a name 1914-
245 10 - TITLE STATEMENT
Title Blackadder /
Statement of responsibility, etc by John Keir Cross
260 ## - PUBLICATION, DISTRIBUTION, ETC. (IMPRINT)
Place of publication, distribution, etc London :
Name of publisher, distributor, etc F. Muller,
Date of publication, distribution, etc 1950
300 ## - PHYSICAL DESCRIPTION
Pagination 215 p. :
Other physical details ill. ;
Dimensions 19 cm
650 #0 - SUBJECT ADDED ENTRY--TOPICAL TERM
Topical term or geographic name as entry element Trafalgar, Battle of, 1805
General subdivision Juvenile fiction
942 ## - ADDED ENTRY ELEMENTS (KOHA)
Source of classification or shelving scheme Dewey Decimal Classification
Koha item type Books
Holdings
Source of classification or shelving scheme Damaged status Not for loan Home library Current library Shelving location Total Checkouts Full call number Barcode Date last seen Copy number Koha item type
Dewey Decimal Classification     JCC Rouf Library JCC Rouf Library General Stacks   823.91 CRO 1950 9304 02/28/2018 C - 1 Books

JCC Library | Contacts | JCC Home

Last Update on 23 September 2017
Copyright @ 2017-2020 JCC Rouf Library
Rouf Library, Jhenidah Cadet College (JCC), Bangladesh